000 00902nam a2200253Ii 4500
020 _a1402060580
020 _a1402060599 (ebook)
020 _a9781402060588
020 _a9781402060595 (ebook)
040 _cYNG
082 _a632 ARE 2007 A006 Or.
245 0 0 _aArea-wide control of insect pests :
_bfrom research to field implementation /
246 3 _aArea wide control of insect pests
300 _axv, 789 pages :
_billustrations (some color), maps (some color) ;
_c24 cm
650 0 _aInsect pests
700 1 _aHendrichs, J.
700 1 _aRobinson, A. S.
700 1 _aVreysen, M. J. B.
710 2 _aOhio Library and Information Network.
856 4 0 _uhttp://rave.ohiolink.edu/ebooks/ebc/9781402060595
856 4 0 _uhttp://dx.doi.org/10.1007/978-1-4020-6059-5
856 4 0 _uhttp://proxy.ohiolink.edu:9099/login?url=http://dx.doi.org/10.1007/978-1-4020-6059-5
942 _cAEDBB
999 _c21579
_d21579